Statistics for 40 largest cities in Belgium

Click here to take the quiz!

General Stats

  • This quiz has been taken 53 times
  • The average score is 20 of 40

Answer Stats

PopulationRegionCity% Correct
185,103BrusselsBrussels
100%
529,247FlandersAntwerp
98%
197,217WalloniaLiège
96%
263,927FlandersGhent
94%
202,746WalloniaCharleroi
92%
118,656FlandersBruges
90%
66,447FlandersGenk
87%
86,921FlandersMechelen
85%
111,432WalloniaNamur
83%
71,647FlandersOstend
83%
87,332FlandersAalst
73%
120,887BrusselsAnderlecht
73%
95,887WalloniaMons
73%
77,109FlandersKortrijk
69%
81,138WalloniaLa Louvière
65%
102,275FlandersLeuven
65%
64,192WalloniaSeraing
58%
58,767WalloniaMouscron
56%
49,047FlandersBeveren
54%
78,714FlandersHasselt
35%
63,478FlandersRoeselare
33%
69,083WalloniaTournai
33%
45,870FlandersDendermonde
31%
78,531FlandersSint-Niklaas / Sint-N
31%
45,280FlandersTurnhout
31%
45,495FlandersVilvoorde
31%
132,799BrusselsSchaerbeek
27%
83,980BrusselsUccle
25%
49,678BrusselsSaint-Gilles / Saint
23%
55,290WalloniaVerviers
23%
43,423FlandersDilbeek
19%
52,728BrusselsJette
19%
56,581BrusselsForest
17%
42,950FlandersHeist-op-den-Berg / Heist
17%
87,632BrusselsIxelles
17%
57,712BrusselsWoluwe-Saint-Lambert / Woluwe
17%
46,598FlandersBeringen
15%
43,580FlandersDeinze
15%
48,473BrusselsEtterbeek
13%
97,979BrusselsSint-Jans-Molenbeek / Sint-J
12%

Score Distribution

Percentile by Number Answered

Percent of People with Each Score

Your Score History

You have not taken this quiz